| 000 | 00539nam a22001937a 4500 | ||
|---|---|---|---|
| 005 | 20251023162742.0 | ||
| 008 | 251023b |||||||| |||| 00| 0 eng d | ||
| 040 | _aMAIN | ||
| 082 |
_a660.6 _bA47I |
||
| 100 | _aAhlawat, Vaishali | ||
| 245 | _aIn-silico identification and validation of fungal immunogens | ||
| 260 |
_bCentre For Biotechnology, M D University, Rohtak _c2025 |
||
| 300 | _a147 | ||
| 650 | _aBiotechnology | ||
| 650 | _aFungal Immunogens | ||
| 700 | _aChhillar, Anil Kumar | ||
| 700 | _aDangi, Mehak | ||
| 942 | _cTH | ||
| 999 |
_c393673 _d393673 |
||